| 000 | 02095cam a22004454i 4500 | ||
|---|---|---|---|
| 003 | PE-LiUPU | ||
| 005 | 20250731184539.0 | ||
| 008 | 150623s r 000 0 d | ||
| 035 | _a(Sirsi) a25068 | ||
| 040 |
_aPE-LiUPU _bspa _cPE-LiUPU _erda |
||
| 082 | 0 | 4 |
_a956.91 _bE35 _221 |
| 245 | 0 | 0 |
_aEspace naturel, Espace habité. Natural space, inhabited space: in northern Syria (10th.-2nd millennium B.C.) / _ceditado por Michel Fortin y Oliver Aurenche. |
| 264 | 1 |
_aQuébec : _bCanadian Society for Mesopotamian Studies, _c1998. |
|
| 300 |
_a304 páginas : _bilustraciones, fotos, gráficos ; _c28 cm. |
||
| 336 |
_atext _2rdacontent |
||
| 337 |
_aunmediated _2rdamedia |
||
| 338 |
_avolume _2rdacarrier |
||
| 504 | _aIncluye bibliografía. | ||
| 505 | 0 | _aInterpretations environnementales des données archéozoologiques et archéobotaniques en Syrie du nord de 16000 bp á 7000bp, et les débuts de la domestication des plantes et des animaux. -Villages d´été, villages d´hiver: un modéle peu connu d´occupation de l´espace dans la vallée de l´Euphrate (20eme siecle apres J.C.). -Landscape and human-environment interaction in the middle Habur drainage fron the neolitic period to the bronze age. -Environment, economy, and subsitence on the threshold of urban emergence in northern Mesopotamia.. | |
| 526 | _aP136 | ||
| 526 | _aP135 | ||
| 526 | _aP134 | ||
| 526 | _aP133 | ||
| 526 | _aP144 | ||
| 526 | _aP143 | ||
| 526 | _aP87 | ||
| 526 | _aP35 | ||
| 526 | _aP20 | ||
| 526 | _aP14 | ||
| 526 | _aP10 | ||
| 526 | _aP06 | ||
| 650 | 0 | 4 |
_aExcavaciones arqueológicas _zSiria _vCongresos. |
| 700 | 1 |
_aFortin, Michel, _eed. |
|
| 700 | 1 |
_aAurenche, Oliver, _eed. |
|
| 942 |
_2ddc _cBOOK |
||
| 949 |
_a956.91 E35 _wDEWEY _c1 _i49483 _lCCODEBUL1 _mBUL _p00.00 _r0 _sY _tBOOK _u2015-06-24 _xTEOLOGIA _PP35 _0COMPRA _o.STAFF. Colección General |
||
| 596 | _a1 | ||
| 999 |
_a956.91 E35 _wDEWEY _c30158 _i49483 _f2021-11-11 _g5 _lCCODEBUL1 _mBUL _r0 _sY _tBOOK _u2015-6-24 _xTEOLOGIA _PP35 _0COMPRA _o.STAFF. Colección General _d30158 |
||
| 980 |
_81 _gALBERTO SANCHEZ Responsable de Automatización |
||